Global gospel : (Record no. 9555)

MARC details
000 -LEADER
fixed length control field 01235cam a2200313 i 4500
001 - CONTROL NUMBER
control field 18584527
003 - CONTROL NUMBER IDENTIFIER
control field GBCCL
005 - DATE AND TIME OF LATEST TRANSACTION
control field 20241126110714.0
008 - FIXED-LENGTH DATA ELEMENTS--GENERAL INFORMATION
fixed length control field 150421s2015 miuab b 001 0 eng
010 ## -
-- 2015015871
020 ## - INTERNATIONAL STANDARD BOOK NUMBER
International Standard Book Number 9780801049934 (pbk.)
040 ## - CATALOGING SOURCE
Original cataloging agency DLC
Language of cataloging eng
Transcribing agency DLC
Description conventions rda
Modifying agency DLC
042 ## -
-- pcc
050 00 -
-- BR121.3
-- .J328 2015
082 00 - DEWEY DECIMAL CLASSIFICATION NUMBER
Classification number 270
Edition information 23
Item number JAC
100 1# - MAIN ENTRY--PERSONAL NAME
Personal name Jacobsen, Douglas G.
Fuller form of name (Douglas Gordon),
Dates associated with a name 1951-
9 (RLIN) 16623
245 10 - TITLE STATEMENT
Title Global gospel :
Remainder of title an introduction to Christianity on five continents /
Statement of responsibility, etc. Douglas Jacobsen.
264 #1 - PRODUCTION, PUBLICATION, DISTRIBUTION, MANUFACTURE, AND COPYRIGHT NOTICE
Place of production, publication, distribution, manufacture Grand Rapids, Michigan :
Name of producer, publisher, distributor, manufacturer Baker Academic,
Date of production, publication, distribution, manufacture, or copyright notice [2015]
300 ## - PHYSICAL DESCRIPTION
Extent xviii, 249 pages :
Other physical details illustrations, maps ;
Dimensions 23 cm
336 ## - CONTENT TYPE
Content type term text
Content type code txt
Source rdacontent
337 ## - MEDIA TYPE
Media type term unmediated
Media type code n
Source rdamedia
338 ## - CARRIER TYPE
Carrier type term volume
Carrier type code nc
Source rdacarrier
504 ## - BIBLIOGRAPHY, ETC. NOTE
Bibliography, etc. note Includes bibliographical references and index.
505 0# - FORMATTED CONTENTS NOTE
Formatted contents note Global Christianity: a very brief history -- Four Christian traditions -- Africa -- Latin America -- Europe -- Asia -- North America.
650 #0 - SUBJECT ADDED ENTRY--TOPICAL TERM
Topical term or geographic name entry element Christianity.
9 (RLIN) 479
906 ## - LOCAL DATA ELEMENT F, LDF (RLIN)
a 7
b cbc
c orignew
d 1
e ecip
f 20
g y-gencatlg
942 ## - ADDED ENTRY ELEMENTS (KOHA)
Source of classification or shelving scheme Dewey Decimal Classification
Koha item type Books
Koha issues (borrowed), all copies 1
Holdings
Withdrawn status Lost status Source of classification or shelving scheme Damaged status Not for loan Home library Current Library Shelving location Date acquired Total checkouts Full call number Barcode Date last seen Date last checked out Copy number Price effective from Koha item type
    Dewey Decimal Classification     GRACE BIBLE COLLEGE GRACE BIBLE COLLEGE Church History 2023-03-14 2 270 JAC 016046 2025-09-09 2025-09-02 c.1 2023-03-14 Books
© Grace Bible College Library 2025